000 00582nam a2200193 a 4500
005 20140310183259.0
008 041125s19uu xx 00 eng d
020 _a0683004492
050 _aRC 607.A26
_b.B378 1995
100 _aBartlett, John G.
245 _aThe John Hopkins Hospital guide to medical care of patients with HIV infection. /
_cJohn G. Bartlett
250 _a5th ed.
260 _aLondon :
_bWilliams & Wilkins,
_c1995.
300 _a143 p. :
_c18 cm.
521 _aNUR
650 _aAIDS (Disease)
_xPopular works.
942 _cBK
_2lcc
_kFOR
999 _c20930
_d20930